Normal view
MARC view
Entry Topical Term
001 - CONTROL NUMBER
- control field: 2389
003 - CONTROL NUMBER IDENTIFIER
- control field: BD-SpBAUS
005 - DATE AND TIME OF LATEST TRANSACTION
- control field: 20260219104035.0
008 - FIXED-LENGTH DATA ELEMENTS
- fixed length control field: 260219|| aca||aabn | a|a d
040 ## - CATALOGING SOURCE
- Original cataloging agency: BD-SpBAUS
- Transcribing agency: BD-SpBAUS
150 ## - HEADING--TOPICAL TERM
- Topical term or geographic name entry element: Concrete Mixing
670 ## - SOURCE DATA FOUND
- Source citation: Work cat.: (BD-SpBAUS)970: Shetty, M. S. 2388, Concrete Technology :, 1982 {Reprint 2023].
